Loading...

Regional planning and sustainable development

Bibliographic Details
Main Author: Shukla, Amitabh
Format: Printed Book
Language:Undetermined
English
Published: New Delhi Kanishka Publishers Distributors 2000
Subjects:
LEADER 00744nam a2200193Ia 4500
008 140306s9999 xx 000 0 und d
020 |a 8173913188 
041 |a eng 
082 |a 338.9  |b SHU/RE 
100 |a Shukla, Amitabh 
245 |a Regional planning and sustainable development 
260 |a New Delhi  |b Kanishka Publishers Distributors  |c 2000 
300 |a 292 
365 |b Rs.550 
650 |a Development economics 
942 |2 ddc  |c BK 
999 |c 180298  |d 180298 
952 |0 0  |1 0  |2 ddc  |4 0  |6 338_900000000000000_SHU_RE  |7 0  |9 185700  |a KAUCBV  |b KAUCBV  |d 2004-06-02  |g 550.00  |o 338.9 SHU/RE  |r 2014-03-22  |w 2014-03-22  |y BK 
952 |0 0  |1 0  |2 ddc  |4 0  |6 338_900000000000000_SHU_RE  |7 0  |9 185701  |a KAUCBV  |b KAUCBV  |d 2004-06-02  |g 550.00  |o 338.9 SHU/RE  |r 2014-03-22  |w 2014-03-22  |y BK